000 00286nam a22001337a 4500
008 170126b xxu||||| |||| 00| 0 eng d
020 _a00955108
041 _aeng
080 _a61
100 _a3
101 _aSHM
245 _aCLINICS IN PERINATOLOGY
_cPEREIRA, G.R
942 _2udc
_cBK
999 _c3812
_d3812